| 000 | 00684cam a2200217 a 4500 | ||
|---|---|---|---|
| 001 | 1494807 | ||
| 005 | 20180109075333.0 | ||
| 008 | 881011m19889999enk be 001 0 eng | ||
| 010 | _a 88039814 | ||
| 020 |
_a0080349749 (v. 1) : _c$195.00 |
||
| 040 |
_aDLC _cDLC _dDLC |
||
| 041 | _aeng | ||
| 080 | _a370.321 HUS | ||
| 082 | 0 | 0 |
_a370.321 HUS _219 |
| 100 | _a46 | ||
| 101 | _aEDU | ||
| 245 | 0 | 4 |
_aThe International encyclopedia of education. _pSupplementary volume : _ceditors-in-chief, Torsten Husén, T. Neville Postlethwaite. |
| 504 | _aIncludes bibliographies and indexes. | ||
| 906 |
_a7 _bcbc _corignew _d1 _eocip _f19 _gy-gencatlg |
||
| 942 |
_2ddc _cBK |
||
| 999 |
_c39933 _d39933 |
||